Hips Don’t Lie - Shakira Feat. Wyclef Jean - All Lyrics (+Spanish) - Statistics

General Stats
  • This quiz has been taken 69 times
  • The average score is 319 of 541
Answer Stats
Answer % Correct
a
97%
A
97%
like
97%
I
95%
Bo-bop,
94%
so-bop,
94%
that
92%
Yeah,
92%
you
90%
You
90%
you,
90%
lie
89%
lie,
89%
when
89%
Hey,
87%
se
87%
do
86%
don't
86%
Don’t
86%
don't,
86%
make
86%
Oh,
86%
hips
84%
my
84%
My
84%
on
84%
on,
84%
to
84%
go
83%
go,
83%
this
81%
This
81%
and
79%
And
79%
dance
79%
baby,
78%
baby?
78%
Baby,
78%
So
78%
so
78%
so,
78%
the
78%
The
78%
I'm
76%
real
76%
body
75%
body,
75%
know
75%
never
75%
she
75%
She
75%
talk
75%
half-man
73%
man
73%
be
71%
could
71%
feel
71%
of
71%
Spanish
71%
tonight
70%
woman
70%
mad
68%
really
68%
see,
68%
see
68%
See,
68%
speak
68%
knew
67%
your
67%
can
65%
can,
65%
keep
65%
llama?
65%
wanna
65%
Mi
63%
Come
62%
come
62%
it
60%
it!
60%
casa
59%
is
59%
me
59%
wise
57%
it's
56%
It’s
56%
Let
56%
starting
56%
no
54%
Readin'
54%
boy
52%
boy,
52%
movin',
52%
perfection
48%
signs
48%
move
46%
Colombia
43%
let's
43%
Reading
43%
perfecto
41%
CIA
40%
from
40%
moving
40%
su
40%
what
40%
right
38%
girl,
37%
girl
37%
la
37%
Señorita,
37%
can't,
35%
doin'
35%
attraction,
33%
But
33%
but
33%
have
33%
noche
32%
Baila
30%
baila
30%
crazy
30%
en
30%
En
30%
got
30%
slow
30%
way
30%
We
30%
we
30%
driving
27%
es
27%
floor,
27%
All
25%
doing
25%
tension
25%
too
25%
Why
25%
conga
24%
dancin'
24%
explain
24%
hard
24%
now,
24%
now
24%
will
24%
Así
22%
así,
22%
así
22%
'cause
22%
de
22%
hypnotized
22%
say
22%
sexy,
22%
up
22%
Barranquilla
21%
calle
21%
Humpty
21%
seem
21%
transaction
21%
country
19%
every
19%
plan
19%
refugee
19%
saw
19%
she's
19%
us?
19%
half-animal,
17%
left
17%
our
17%
third
17%
world
17%
didn't
16%
fail
16%
fantasy
16%
Mira,
16%
walk
16%
watch
16%
back
14%
boats,
14%
boats
14%
día
14%
idea
14%
more
14%
nobody
14%
own
14%
Refugees
14%
shakin'
14%
That’s
14%
until
14%
bit
13%
everything's
13%
musical
13%
run
13%
seas,
13%
self-restraint
13%
with
13%
ain't
11%
¿Cómo
11%
for
11%
slightest
11%
unexpected,
11%
cannot
10%
Colombians
10%
Haitians
8%
'Pac
8%
(¡Sí!),
8%
(¡Sí!)
8%
¿bonita?
6%
Fugees
6%
guilty,
6%
ignore
6%
man's
6%
carried
5%
snatch
5%
whole
5%
club
3%
crates
3%
lead
3%
ropes
3%
jazzy
0%
No matching quizzes found
Score Distribution
Percent of People with Each Score
Percentile by Number Answered
Your Score History
You have not taken this quiz